00446nam a2200145Ia 450000500170000000800410001710000220005824500450008026000190012530000110014465000090015594200070016499900150017195201140018620260328101440.0260328s9999||||xx |||||||||||||| ||und|| ade la Croix, Host 0aArt Through the Ages /cHost de la Croix bHarcourt Brace a959 p. aARTE cBK c8249d8249 001040708GENaGPCbGPCcGENd2026-03-28i2044l0o709 D 3702p2044r2026-03-28 15:14:40t1w2026-03-28yBK